000 00572nam a22001937a 4500
003 MPLRDC
005 20220105061107.0
008 210129b ||||| |||| 00| 0 eng d
020 _a978-7-5633-9834-8
082 _a719.233 DDT
100 _a《搭地铁玩广州》编辑部 编著
245 _a搭地铁玩广州
_c
250 _a初版一刷
260 _a中国
_b广西师范大学出版社
_c2010
300 _b
520 _a上架 2017-05-16。 2018-07-03 弄湿--pg.左上角(6077)。
650 _a中国游记--广东
942 _cBK
_o719.233 DDT
999 _c68705
_d68695